03555cam a22005174i 4500003000900000005001700009008004100026020001500067020001800082035002000100040003300120049000900153082001700162100003500179245012300214246005400337250002000391264005100411300005500462336002100517337002500538338002300563504004800586504003400634505174600668526001002414526001002424526001002434526001002444526000802454526000802462526000802470526000802478526000802486526000802494526000802502650002702510700004202537910002902579942001402608994001502622596000602637999017102643980005502814952016802869PE-LiUPU20250731173108.0181211s2018 miua rb 001 0 eng d a0825444772 a9780825444777 a(Sirsi) a251004 aPE-LiUPUbspacPE-LiUPUerda aPRUA04a266bH482201 aHesselgrave, David J.,eautor.10aParadigms in conflict :b15 key questions in christian missions today /cDavid J. Hesselgrave, Keith E. Eitel, editor.3 aFifteen key questions in Christian missions today aSecond edition. 1aGrand Rapids, MI. :bKregel Academic,c[2018]. a378 páginas :bilustraciones ;c23 centímetros atext2rdacontent aunmediated2rdamedia avolume2rdacarrier aBibliografía al final de cada capítulo. aÍndice : páginas 366-378. aSovereignty and Free Will: an Impossible Mix or a Perfect Match? -- Update Reflection: John Mark Terry -- Restrictivism and Inclusivism: Is This Missions Trip Really Necessary? -- Update Reflection: Keith E. Eitel -- Common Ground and Enemy Territory: How Should We Approach Other Faiths? -- Update Reflection: Keith E. Eitel -- Holism and Prioritism: For Whom Is the Gospel Good News? -- Update Reflection: Christopher R. Little -- Incarnationalism and Representationalism: Who Is Our Missionary Model-Jesus or Paul? -- Update Reflection: Christopher R. Little -- Power Encounter and Truth Encounter: What Is Essential in Spiritual Warfare? -- Update Reflection: Robin Dale Hadaway -- Amateurization and Professionalization: A Call for Missionaries or a Divine Calling? -- Update Reflection: Robin Dale Hadaway -- Form and Meaning: How Does the Inspiration of Scripture "In-form" Contextualization and Make It "Meaning-full"? -- Update Reflection: Bruce Riley Ashford and D. Scott Hildreth -- Countdowns and Prophetic Alerts: If We Go in Force, Will He Come in Haste? -- Update Reflection: John Mark Terry -- The Kindgom of God and the Church of Christ: What on Earth Is God Building-Here and Now? -- Update Reflection: Bruce Riley Ashford and D. Scott Hildreth -- Theology and the Social Sciences: What Role Should They Play in Church Planting Strategy? -- Bruce Riley Ashford and D. Scott Hildreth -- Challenges of World Christianities: What Is God Doing in Our World? -- Keith E. Eitel -- Harvest Missions vs. Pioneer Missions: Discipling the Masses or to the Margins? -- Robin Dale Hadaway -- Creation: Is Creation Care Mission? -- Christopher R. Little -- Business as Mission: When is it Mission and When is it Not? -- John Mark Terry. aSEG42 aSEG41 aSEG40 aSEG39 aP94 aP87 aP86 aP85 aP77 aP76 aP3504aMisionesxLa teoría.1 aEitel, Keith Eugene,d1954-,eeditor. adbmbjpccjpcd201812011 2ddccBOOK aC0bPEPRUE a1 a266 H48wDEWEYc30458i79084d30458f2021-11-10g4lCCODEBUL1mBULp12.99q1r0sYtBOOKu2018-12-11xTEOLOGIAPP850DONACION1FCOMPR2o.STAFF. Colección Teología 81gALBERTO SANCHEZ Responsable de Automatización r2025-12-02 00:00:00i5l0o266 H48p79084te1v17.99w2018-12-11xPGyBKzinventario-2023-12-13102ddc50708GENfP85aBULbBULcGENd2018-12-11eDONACIONg12.99